Nghề phối giống nhân tạo bò

Giới thiệu đặc điểm sinh sản bò cái, kỹ thuật bảo quản tinh đông lạnh, phối giống nhân tạo bò cái, quản lý và ghi chép trong phối giống nhân tạo bò, biện pháp nâng cao khả năng có chửa bò cái khi phối giống nhân tạo...

Cur síos iomlán

Đã lưu trong:
Sonraí Bibleagrafaíochta
Príomhúdar: Hà, Văn Chiêu
Formáid: Leabhar
Teanga:Undetermined
Foilsithe: Hà Nội Nông nghiệp 2010
Ábhair:
Clibeanna: Cuir Clib Leis
Gan Chlibeanna, Bí ar an gcéad duine leis an taifead seo a chlibeáil!
Thư viện lưu trữ: Trung tâm Học liệu Trường Đại học Cần Thơ
LEADER 00973nam a2200217Ia 4500
001 CTU_208907
008 210402s9999 xx 000 0 und d
020 |c 21500 
082 |a 636.2 
082 |b Ch309/Q.34 
100 |a Hà, Văn Chiêu 
245 0 |a Nghề phối giống nhân tạo bò 
245 0 |c Hà Văn Chiêu ; Nguyễn Lân Hùng (Chủ nhiệm chương trình) 
260 |a Hà Nội 
260 |b Nông nghiệp 
260 |c 2010 
520 |a Giới thiệu đặc điểm sinh sản bò cái, kỹ thuật bảo quản tinh đông lạnh, phối giống nhân tạo bò cái, quản lý và ghi chép trong phối giống nhân tạo bò, biện pháp nâng cao khả năng có chửa bò cái khi phối giống nhân tạo 
650 |a Cattle,Gia súc 
650 |x Breeding,Chăn nuôi 
904 |i Hải 
980 |a Trung tâm Học liệu Trường Đại học Cần Thơ